000 00689nam a2200253Ia 4500
003 OSt
005 20221005040113.0
006 a|||||r|||| 00| 0
007 ta
008 221004b |||||||| |||| 00| 0 eng d
024 _a107945
037 _cTextual
040 _aCRL
_cCRL
_beng
041 _2eng
_aeng
082 _aY15-490bX8.2, M7
100 _aRamanamma A
_9588902
245 0 _aWomen in Indian industry
260 _aDelhi
_bMittal Publications India
_c1987
300 _a232p.
_ccm.
650 _aSOCIOLOGY
700 _a Bambawale Usha
_9334766
942 _hY15-490bX8.2, M7
_cTEXL
_2cc
999 _c946388
_d946388